Vědecké základy ekonomického prognózování /

Enregistré dans:
Détails bibliographiques
Format: Livre
Langue:tchèque
Publié: Praha : Svoboda, 1974
Sujets:
Tags: Ajouter un tag
Pas de tags, Soyez le premier à ajouter un tag!

MARC

LEADER 00000nam a22000003a 4500
001 stu43945
005 20150408180324.4
008 950116s1974----cs------------------cze-d
040 |a STU  |b slo 
041 0 |a cze 
044 |a cs 
080 |a 330.8.001.18 
245 |a Vědecké základy ekonomického prognózování /  |c Z rus. kol 
260 |a Praha :  |b Svoboda,  |c 1974 
300 |a 415 s 
650 7 |a ekonomika  |2 stusub 
650 7 |a prognózy  |2 stusub 
996 |b 284M011749  |c M*5880-1  |l MMKN  |s A  |a 24  |w stu43945_0001